Language Quiz

Random Language or Spanish Quiz

Spanish Vocab Chapter 4 Quiz Stats

 Plays Quiz not verified by Sporcle

Challenge
Share
Tweet
Embed
Score 0/38 Timer 05:00
0 Plays Today
Spanish Words English Words % Correct
La teléfonotelephone
97.4%
El violínviolin
97.4%
La casahouse
94.7%
La músicamusic
94.7%
La guitarraguitar
94.7%
La televisióntelevision
92.1%
La fiestaparty
92.1%
El pianopiano
92.1%
prepararto prepare
89.5%
trabajarto work
89.5%
clásicoclass
89.5%
popularpopular
89.5%
duranteduring
89.5%
La trompetatrumpet
86.8%
La biblotecalibrary
86.8%
cantarto sing
86.8%
bailarto dance
84.2%
estarto be
84.2%
La cocinakitchen
81.6%
Spanish Words English Words % Correct
invitarto invite
81.6%
después deafter
81.6%
de jazzjazz
81.6%
irto go
78.9%
mirarto look
76.3%
darto give
76.3%
de rockrock
76.3%
La tiendastore
68.4%
tocarto play
65.8%
La salalivingroom
55.3%
adóndeto where
52.6%
a casahome
50%
todoseverything
42.1%
El centro comercialshopping center
36.8%
El refrescosoftdrink
34.2%
La meriendasnack
28.9%
La cintatape
28.9%
por teléfonoon the phone
26.3%
El discorecord
21.1%

You're not logged in!

Compare scores with friends on all Sporcle quizzes.
OR
Log In

You Might Also Like...

Show Comments

Extras

Top Quizzes Today


Score Distribution

Your Account Isn't Verified!

In order to create a playlist on Sporcle, you need to verify the email address you used during registration. Go to your Sporcle Settings to finish the process.

Report this User

Report this user for behavior that violates our Community Guidelines.

Details: